More Guerrilla marketing research (Record no. 6793)
[ view plain ]
| 000 -LEADER | |
|---|---|
| fixed length control field | 00582 a2200193 4500 |
| 001 - CONTROL NUMBER | |
| control field | 132427 |
| 003 - CONTROL NUMBER IDENTIFIER | |
| control field | OSt |
| 005 - DATE AND TIME OF LATEST TRANSACTION | |
| control field | 20211027143726.0 |
| 008 - FIXED-LENGTH DATA ELEMENTS--GENERAL INFORMATION | |
| fixed length control field | |
| 082 ## - DEWEY DECIMAL CLASSIFICATION NUMBER | |
| Classification number | 658.83 |
| Item number | K11M |
| 100 1# - MAIN ENTRY--PERSONAL NAME | |
| Personal name | Kaden, Robert J. |
| 245 1# - TITLE STATEMENT | |
| Title | More Guerrilla marketing research |
| Statement of responsibility, etc | by Robert J. Kaden, Gerald Linda and Jay Conrad Levinson |
| 260 ## - PUBLICATION, DISTRIBUTION, ETC. (IMPRINT) | |
| Place of publication, distribution, etc | New Delhi |
| Name of publisher, distributor, etc | Kogan Page |
| Date of publication, distribution, etc | 2010 |
| 300 ## - PHYSICAL DESCRIPTION | |
| Extent | 349p. |
| 690 ## - LOCAL SUBJECT ADDED ENTRY--TOPICAL TERM (OCLC, RLIN) | |
| Topical term or geographic name as entry element | Marketing research; Small business--Management; Success in business |
| 700 ## - ADDED ENTRY--PERSONAL NAME | |
| Personal name | Linda, Gerald |
| 700 ## - ADDED ENTRY--PERSONAL NAME | |
| Personal name | Levinson, Jay Conrad |
| 942 ## - ADDED ENTRY ELEMENTS (KOHA) | |
| Source of classification or shelving scheme | Dewey Decimal Classification |
| Koha item type | Books |
| Withdrawn status | Lost status | Source of classification or shelving scheme | Damaged status | Not for loan | Collection code | Home library | Current library | Date acquired | Source of acquisition | Cost, normal purchase price | Full call number | Barcode | Date last seen | Price effective from | Koha item type |
|---|---|---|---|---|---|---|---|---|---|---|---|---|---|---|---|
| Dewey Decimal Classification | General Text Book | Central University Of Rajasthan | Central University Of Rajasthan | 08/06/2012 | MGM | 495.00 | 658.83 K11M | 9245 | 21/11/2024 | 02/09/2020 | Books |
